000 00875nam a2200241 a 4500
001 BRCA_3849
005 20190320204440.0
008 161209s1869----gw-#######---#000-0#ger-#
041 _ager
044 _agw
050 4 _aF1233.M3
_b.H45 1
_c1869
100 1 _aHellwald, Friedrich Anton Heller von
_d1842-1892
_910024
245 1 0 _aMaximilian I. Kaiser von Mexico
_bSein Leben, Wirken und Sein tod nebst einem Abriss der Geschichte des Kaiserreichs
_cvon Friedrich von Hellwald.
260 _aWien, Alemania
_bWilhelm Braumüller
_c1869
300 _a2 v.
_c20 cm.
500 _aEstado físico: el v.2 presenta encuadernación deteriorada
500 _aEjemplar igual a D153
500 _aB193
600 1 4 _aMaximiliano
_cEmperador de México
_d1832-1867
_94582
651 4 _aMéxico
_vHistoria
_yIntervención francesa, 1861-1867
_910025
902 _aGFM
942 _2lcc
_cB
999 _c3577
_d3577